00685nam a22002417a 4500003000500000005001700005008004100022010001100063011001100074020001700085035001100102040000900113082001600122100002400138245008000162260003000242300003200272650002900304650003200333650003000365650002900395700001900424CHAP20220329143754.0110803s2010 gw a r 00010 eng d a101704 a102676 a783642076229 a113365 cCHAP04a006.31bL251 aLangdon, William B.10aFoundations of genetic programmingc/por William B. Langdon y Riccardo Poli aBerlin :bSpringer,c2010 axv, 260 p. :bilus., tablas14aAprendizaje, Teoria del.14aConocimiento, Teoría del.14aIngeniería de sistemas.14aInteligencia artificial.1 aPoli, Riccardo